[Event "Guernsey International Chess Festival 2"]
[Site "?"]
[Date "2019.10.20"]
[Round "1.13"]
[White "Foran, Barry"]
[Black "Nevska, Gerda"]
[Result "0-1"]
[WhiteElo "1627"]
[BlackElo "1858"]
[PlyCount "78"]
[EventDate "2019.??.??"]

1. d4 b6 2. Nf3 Bb7 3. e3 Nf6 4. Bd3 g6 5. O-O Bg7 6. c4 O-O 7. Nc3 d5 8. Re1
Nbd7 9. cxd5 Nxd5 10. e4 Nb4 11. Bf1 c5 12. d5 Qb8 13. a3 Na6 14. Qa4 Qc8 15.
e5 Nc7 16. Bc4 b5 17. Bxb5 Nb6 18. Qb3 Ncxd5 19. Bf1 Qf5 20. Nxd5 Bxd5 21. Qd3
Qxd3 22. Bxd3 Bxf3 23. gxf3 Rad8 24. Be4 Nc4 25. Bg5 f6 26. exf6 exf6 27. Rac1
Nxb2 28. Be3 f5 29. Bb1 Bd4 30. Bh6 Rfe8 31. Ba2+ Kh8 32. Bg5 Nd3 33. Bxd8 Nxe1
34. Ba5 Nxf3+ 35. Kg2 Re2 36. Bd5 Rxf2+ 37. Kg3 Nxh2 38. Rxc5 Nf1+ 39. Kh3 Rh2#
0-1

[Event "Guernsey International Chess Festival 2"]
[Site "?"]
[Date "2019.10.20"]
[Round "1.14"]
[White "Hermes, Geoff R"]
[Black "Denning, Julie L"]
[Result "1-0"]
[WhiteElo "1833"]
[BlackElo "1625"]
[PlyCount "29"]
[EventDate "2019.??.??"]

1. d4 Nf6 2. Bf4 g6 3. Nc3 Bg7 4. e4 d6 5. Qd2 c6 6. O-O-O h5 7. Nf3 Qa5 8. Kb1
Be6 9. d5 cxd5 10. exd5 Bd7 11. Re1 Na6 12. Bxd6 e6 13. dxe6 Bxe6 14. Bb5+ Kd8
15. Bb4+ 1-0

[Event "Guernsey International Chess Festival 2"]
[Site "?"]
[Date "2019.10.20"]
[Round "1.15"]
[White "Collins, Alan"]
[Black "Ingham, H William"]
[Result "0-1"]
[WhiteElo "1615"]
[BlackElo "1807"]
[PlyCount "48"]
[EventDate "2019.??.??"]

1. f4 d6 2. Nf3 g6 3. g3 Bg7 4. Bg2 c6 5. c3 Nf6 6. Na3 O-O 7. O-O Nbd7 8. Nc2
e5 9. fxe5 dxe5 10. d4 Qc7 11. Nxe5 Nxe5 12. dxe5 Ng4 13. Qe1 Nxe5 14. Kh1 Re8
15. e4 Be6 16. Nd4 Bc4 17. Rg1 Nd3 18. Qe3 Ba6 19. Rd1 c5 20. Ne2 Rad8 21. Rd2
f5 22. Nf4 Nxf4 23. Rxd8 Qxd8 24. Qxf4 Qd1+ 0-1

[Event "Guernsey International Chess Festival 2"]
[Site "?"]
[Date "2019.10.20"]
[Round "1.16"]
[White "Hamann, Marcus"]
[Black "Gunn, Michael J"]
[Result "1-0"]
[WhiteElo "1802"]
[BlackElo "1608"]
[PlyCount "137"]
[EventDate "2019.??.??"]

1. e4 e6 2. d4 d5 3. Nc3 dxe4 4. Nxe4 Nd7 5. Nf3 Ngf6 6. Nxf6+ Nxf6 7. Bd3 Be7
8. O-O O-O 9. Re1 a6 10. Bg5 b6 11. Bxf6 Bxf6 12. Be4 Rb8 13. c3 Qd6 14. Qe2 a5
15. Ne5 Bxe5 16. dxe5 Qe7 17. Rad1 f5 18. Bc6 f4 19. Be4 Qg5 20. f3 h5 21. Rd2
h4 22. Kh1 Kh8 23. Bc6 Bb7 24. Bxb7 Rxb7 25. Rd7 Rd8 26. Rxd8+ Qxd8 27. Rd1 Qe7
28. Qe4 c5 29. Qxf4 g5 30. Qd2 Kg7 31. Kg1 Kf7 32. Qd3 Kg7 33. Qd6 Qf7 34. Qc6
Qe7 35. Rd6 Kf7 36. Kf2 Rc7 37. Qa8 Rd7 38. Rxb6 c4 39. Qc6 Rc7 40. Qd6 Rd7 41.
Qxe7+ Kxe7 42. Rd6 Rb7 43. Rd2 Rb5 44. Re2 Rd5 45. g3 hxg3+ 46. hxg3 Rd3 47.
Rc2 Rd5 48. f4 gxf4 49. gxf4 Rd3 50. Ke2 Rh3 51. Rd2 a4 52. a3 Rh8 53. Ke3 Rf8
54. Rd4 Rc8 55. Ke4 Rb8 56. Rxc4 Rxb2 57. Rxa4 Re2+ 58. Kd4 Rf2 59. Kc5 Rd2 60.
Rd4 Rb2 61. a4 Rb8 62. c4 Rh8 63. Kb4 Rb8+ 64. Kc3 Rb1 65. c5 Rc1+ 66. Kb4 Rb1+
67. Ka5 Ra1 68. Kb6 Rb1+ 69. Kc7 1-0

[Event "Guernsey International Chess Festival 2"]
[Site "?"]
[Date "2019.10.20"]
[Round "1.17"]
[White "Bakkes, Frits"]
[Black "Hoogakker, Peter"]
[Result "0-1"]
[WhiteElo "1605"]
[BlackElo "1788"]
[PlyCount "110"]
[EventDate "2019.??.??"]

1. e4 d6 2. d4 Nf6 3. Nc3 Nbd7 4. f4 e5 5. Nf3 c6 6. fxe5 dxe5 7. dxe5 Ng4 8.
e6 fxe6 9. Ng5 Nde5 10. Qxd8+ Kxd8 11. Bf4 h6 12. Nf3 Ng6 13. Bg3 Bc5 14. Na4
Bb4+ 15. c3 Be7 16. b4 Bf6 17. O-O-O+ Ke7 18. Rd3 b6 19. Be2 Ba6 20. Rd2 Bxe2
21. Rxe2 b5 22. e5 N4xe5 23. Bxe5 bxa4 24. Bxf6+ gxf6 25. Nd4 Ne5 26. Kb2 Rac8
27. Rc1 Nd3+ 28. Kc2 Nxc1 29. Rxe6+ Kf7 30. Kxc1 Rhe8 31. Rxc6 Rxc6 32. Nxc6 a6
33. Kd2 Ke6 34. g4 Kd5 35. Na5 Re4 36. h3 Rf4 37. Ke3 Rf1 38. c4+ Kd6 39. Nb7+
Kc7 40. Nc5 Ra1 41. Nxa6+ Kb6 42. Nc5 Rxa2 43. Nd7+ Kc7 44. Nxf6 Rh2 45. Nd5+
Kb7 46. Kd3 a3 47. Nc3 Rxh3+ 48. Kc2 Rg3 49. Nb5 a2 50. Kb2 Rg2+ 51. Ka1 Rxg4
52. Kxa2 h5 53. Kb3 h4 54. c5 h3 55. Ka4 h2 0-1

[Event "Guernsey International Chess Festival 2"]
[Site "?"]
[Date "2019.10.20"]
[Round "1.18"]
[White "O'connell, Denis"]
[Black "Knudsen, Jan"]
[Result "0-1"]
[WhiteElo "1787"]
[BlackElo "1603"]
[PlyCount "100"]
[EventDate "2019.??.??"]

1. e4 d5 2. Nc3 dxe4 3. Nxe4 b6 4. d4 Bb7 5. Bd3 Nd7 6. Nf3 Ngf6 7. Qe2 e6 8.
O-O Be7 9. Re1 O-O 10. Bg5 Nxe4 11. Bxe7 Qxe7 12. Bxe4 Bxe4 13. Qxe4 Nf6 14.
Qh4 Qb4 15. Rab1 Qa4 16. c3 Qxa2 17. Ne5 Qd5 18. c4 Qd8 19. Rbd1 Nd7 20. Qg3
Qe7 21. Nxd7 Qxd7 22. d5 Qe7 23. dxe6 fxe6 24. Qe5 Rfe8 25. Rd4 Rad8 26. Rde4
Qd6 27. Qh5 Qd2 28. R4e2 Qd4 29. Re4 Qxb2 30. Rh4 h6 31. Rg4 Qf6 32. h3 Rf8 33.
f3 Kh7 34. Rge4 Rd6 35. Re5 Rfd8 36. R1e4 a5 37. Qg4 a4 38. Rxe6 Rxe6 39. Rxe6
Qd4+ 40. Kh2 Qxg4 41. hxg4 Rd4 42. c5 bxc5 43. Ra6 Rb4 44. Rc6 c4 45. Rxc7 a3
46. Ra7 Rb3 47. f4 c3 48. f5 c2 49. f6 c1=Q 50. f7 Qf4+ 0-1

[Event "Guernsey International Chess Festival 2"]
[Site "?"]
[Date "2019.10.20"]
[Round "1.19"]
[White "Kearsley, Raymond J"]
[Black "Dennis, Nigel W"]
[Result "0-1"]
[WhiteElo "1597"]
[BlackElo "1768"]
[PlyCount "76"]
[EventDate "2019.??.??"]

1. e4 c5 2. Nf3 e6 3. c3 d5 4. e5 Nc6 5. d4 Nge7 6. Bd3 Ng6 7. O-O Be7 8. Re1
Qc7 9. Na3 a6 10. Qe2 Bd7 11. Be3 c4 12. Bxg6 hxg6 13. Nc2 b5 14. b3 cxb3 15.
axb3 Na5 16. Reb1 Qxc3 17. Bd2 Qxc2 18. Ne1 Qf5 19. Bxa5 O-O 20. Rc1 Rfc8 21.
Nd3 Rxc1+ 22. Rxc1 Rc8 23. Rxc8+ Bxc8 24. h3 f6 25. f4 Kf7 26. g4 Qe4 27. Qxe4
dxe4 28. Nf2 f5 29. g5 Bb7 30. b4 Ke8 31. Nd1 Bd8 32. Kf2 Bxa5 33. bxa5 Kd7 34.
Ke2 Kc6 35. Nc3 b4 36. Na4 Kb5 37. Nc5 Bd5 38. Kd2 Kxa5 0-1

[Event "Guernsey International Chess Festival 2"]
[Site "?"]
[Date "2019.10.20"]
[Round "1.20"]
[White "Stanners, Michael J"]
[Black "Henry, Eric"]
[Result "1-0"]
[WhiteElo "1752"]
[BlackElo "1591"]
[PlyCount "75"]
[EventDate "2019.??.??"]

1. b3 d5 2. Bb2 Nf6 3. Nf3 Bg4 4. e3 Nbd7 5. Be2 e6 6. O-O Be7 7. c4 O-O 8. d3
dxc4 9. bxc4 c6 10. Nbd2 Qc7 11. d4 c5 12. Re1 Rfe8 13. h3 Bxf3 14. Bxf3 Rac8
15. Qb3 Rb8 16. a4 Rec8 17. Rec1 Qb6 18. Qc2 Ne8 19. Rab1 Qd8 20. d5 exd5 21.
Bxd5 Ndf6 22. e4 Nxd5 23. exd5 Bg5 24. Re1 Qd7 25. Ne4 Bh6 26. a5 Nc7 27. Bc1
Bxc1 28. Qxc1 Na6 29. Qg5 Rf8 30. Ng3 h6 31. Qf4 Rbe8 32. Nh5 Rxe1+ 33. Rxe1
Re8 34. Re3 Rxe3 35. fxe3 b6 36. axb6 axb6 37. e4 Nb4 38. e5 1-0

[Event "Guernsey International Chess Festival 2"]
[Site "?"]
[Date "2019.10.20"]
[Round "1.21"]
[White "Colsen, Manuel"]
[Black "Baart, Edwin"]
[Result "1/2-1/2"]
[WhiteElo "1583"]
[BlackElo "1746"]
[PlyCount "45"]
[EventDate "2019.??.??"]

1. Nf3 d5 2. d4 Nf6 3. Bf4 Nbd7 4. e3 c5 5. c4 e6 6. Be2 cxd4 7. exd4 dxc4 8.
Bxc4 Be7 9. Nc3 O-O 10. O-O Qb6 11. Qc2 Bb4 12. Nb5 Nd5 13. Bxd5 Qxb5 14. Ng5
g6 15. Bxe6 fxe6 16. Nxe6 Be7 17. Nxf8 Nxf8 18. Rac1 Bf5 19. Qc4+ Qxc4 20. Rxc4
Bd3 21. Rc7 Bd8 22. Rxb7 Bxf1 23. Kxf1 1/2-1/2

[Event "Guernsey International Chess Festival 2"]
[Site "?"]
[Date "2019.10.20"]
[Round "1.22"]
[White "Turner, David J"]
[Black "Beadle, John R"]
[Result "1-0"]
[WhiteElo "1746"]
[BlackElo "1571"]
[PlyCount "39"]
[EventDate "2019.??.??"]

1. e4 c5 2. Nc3 Nc6 3. Bb5 a6 4. Bxc6 bxc6 5. f4 e6 6. Nf3 d5 7. d3 Bd6 8. O-O
Bb8 9. Qe1 Ba7 10. Kh1 Rb8 11. f5 Ne7 12. Qg3 Kf8 13. fxe6 Bxe6 14. Ng5 Qd7 15.
Na4 Rb4 16. b3 Bb8 17. Bf4 Bxf4 18. Qxf4 Ng6 19. Qd2 dxe4 20. Nxc5 1-0

[Event "Guernsey International Chess Festival 2"]
[Site "?"]
[Date "2019.10.20"]
[Round "1.23"]
[White "Rowe, Oliver"]
[Black "Haisma, Henk"]
[Result "0-1"]
[WhiteElo "1545"]
[BlackElo "1725"]
[PlyCount "95"]
[EventDate "2019.??.??"]

1. d4 d5 2. Bf4 Nf6 3. e3 h6 4. h3 Bf5 5. Bd3 Bxd3 6. Qxd3 e6 7. Qb5+ Nbd7 8.
Qxb7 Bd6 9. Bxd6 cxd6 10. Qa6 Qc7 11. c3 O-O 12. Ne2 Rab8 13. b3 e5 14. O-O e4
15. Na3 Rb6 16. Qa4 Qb7 17. b4 Rc8 18. Rfc1 Rbc6 19. b5 Rb6 20. c4 a6 21. Rab1
axb5 22. Rxb5 dxc4 23. Rxc4 Ra8 24. Qb3 Rxa3 25. Rxb6 Rxb3 26. Rxb7 Rxb7 27.
Rc2 Rb4 28. Rc1 Rb2 29. Nc3 Nb6 30. a4 Nc4 31. Ra1 Na5 32. f3 exf3 33. gxf3 Rb3
34. Rc1 Rb4 35. Kf2 d5 36. Nxd5 Nxd5 37. Rc5 Rxa4 38. Rxd5 Nc4 39. Rd8+ Kh7 40.
Re8 Kg6 41. Kg3 Nd6 42. Rd8 Nf5+ 43. Kf4 Kf6 44. Ke4 Ra3 45. d5 Rxe3+ 46. Kf4
Rd3 47. Kg4 Rd4+ 48. Kh5 0-1

[Event "Guernsey International Chess Festival 2"]
[Site "?"]
[Date "2019.10.20"]
[Round "1.24"]
[White "Kirk, Matthew"]
[Black "Foster, Paul"]
[Result "1-0"]
[WhiteElo "1722"]
[BlackElo "1533"]
[PlyCount "119"]
[EventDate "2019.??.??"]

1. d4 Nf6 2. c4 e6 3. Nf3 b6 4. a3 Bb7 5. Nc3 d6 6. Bg5 Be7 7. Qc2 Nbd7 8. e4
e5 9. d5 c6 10. Bxf6 Nxf6 11. Bd3 O-O 12. O-O a5 13. Rac1 Qd7 14. Rfd1 c5 15.
Ne2 Ba6 16. a4 Nh5 17. b3 Qg4 18. h3 Qg6 19. Ng3 Nxg3 20. fxg3 Qxg3 21. Rf1 Bc8
22. Kh1 Bd7 23. Ng1 Qg6 24. Rf3 Bh4 25. Rcf1 f6 26. Ne2 h5 27. Nc3 Qe8 28. Qe2
Bg5 29. Qf2 h4 30. Nd1 Qh5 31. Ne3 Bf4 32. Be2 Qg5 33. Bd3 Rae8 34. Nd1 Kf7 35.
Nc3 Qh5 36. Nb5 Ke7 37. Bc2 g5 38. Bd1 f5 39. exf5 Bxf5 40. Bc2 Kd7 41. Bxf5+
Rxf5 42. Qc2 e4 43. Nc3 Rfe5 44. R3f2 e3 45. Re2 R8e7 46. Rf3 Bg3 47. Nd1 g4
48. hxg4 h3 49. Rxg3 hxg2+ 50. Kxg2 Rh7 51. Nxe3 Qh1+ 52. Kf2 Qh2+ 53. Ng2 Rf7+
54. Rf3 Rxf3+ 55. Kxf3 Qh3+ 56. Kf2 Rxe2+ 57. Qxe2 Qxb3 58. Qe6+ Kc7 59. Qe7+
Kc8 60. Qe8+ 1-0

[Event "Guernsey International Chess Festival 2"]
[Site "?"]
[Date "2019.10.20"]
[Round "1.25"]
[White "Jones, Sidney A"]
[Black "Nielsen, Jorgen Holmstrom"]
[Result "0-1"]
[WhiteElo "1524"]
[BlackElo "1715"]
[PlyCount "76"]
[EventDate "2019.??.??"]

1. d4 Nf6 2. c4 e5 3. dxe5 Ng4 4. Nf3 Nc6 5. e3 Ngxe5 6. Be2 Bb4+ 7. Bd2 Bxd2+
8. Nbxd2 O-O 9. O-O d6 10. Nxe5 Nxe5 11. Nf3 Be6 12. Rc1 Qe7 13. Nxe5 dxe5 14.
Qc2 f5 15. Rfd1 c5 16. Rd2 Rfd8 17. Rcd1 e4 18. b3 Kf8 19. Qc3 Rd7 20. Rxd7
Bxd7 21. Qd2 Be6 22. f3 exf3 23. Bxf3 Re8 24. Qd6 Qxd6 25. Rxd6 Ke7 26. Rd1 Rb8
27. Kf2 b5 28. cxb5 Rxb5 29. Be2 Ra5 30. Rd2 Kf6 31. Kg3 Ke5 32. Kf2 g5 33. h3
g4 34. hxg4 fxg4 35. g3 Bf5 36. Bc4 Ra3 37. Rd5+ Kf6 38. Rd2 Bb1 0-1

[Event "Guernsey International Chess Festival 2"]
[Site "?"]
[Date "2019.10.20"]
[Round "1.26"]
[White "Remie, Peter"]
[Black "Harnden, Terry"]
[Result "1-0"]
[WhiteElo "1688"]
[BlackElo "1499"]
[PlyCount "69"]
[EventDate "2019.??.??"]

1. d4 Nf6 2. c4 e6 3. Nf3 Bb4+ 4. Bd2 Bxd2+ 5. Nbxd2 O-O 6. e3 b6 7. Be2 d5 8.
Qc2 Ba6 9. h4 g6 10. Ne5 Bb7 11. h5 dxc4 12. hxg6 fxg6 13. Nxg6 Rf7 14. Ne5 Rg7
15. Bxc4 Qe7 16. Qb3 Bd5 17. Bxd5 Nxd5 18. g3 Qb4 19. Qxb4 Nxb4 20. Ke2 Nd7 21.
Nxd7 Rxd7 22. a3 Nd5 23. Rh6 Rd6 24. Rah1 Rad8 25. Rxh7 R6d7 26. Rh8+ Kg7 27.
R1h7+ Kg6 28. Rh6+ Kf7 29. Ne4 Rxh8 30. Rxh8 Kg7 31. Rh5 Ne7 32. Re5 Kf7 33.
Ng5+ Kf6 34. f4 Rd6 35. Ne4+ 1-0

[Event "Guernsey International Chess Festival 2"]
[Site "?"]
[Date "2019.10.20"]
[Round "1.27"]
[White "Bennett, David"]
[Black "Hall, Alan"]
[Result "0-1"]
[WhiteElo "1401"]
[BlackElo "1684"]
[PlyCount "80"]
[EventDate "2019.??.??"]

1. Nf3 d5 2. d4 c5 3. Bf4 Nf6 4. Nbd2 Nc6 5. e3 Qb6 6. b3 cxd4 7. exd4 Nxd4 8.
Be3 Nxf3+ 9. Nxf3 Qa5+ 10. Bd2 Qc7 11. Be2 e5 12. O-O Bd6 13. g3 O-O 14. Bg5
Be6 15. Bxf6 gxf6 16. Qd2 Rac8 17. c4 dxc4 18. Rac1 c3 19. Qc2 f5 20. Nh4 e4
21. Ng2 a6 22. Rfe1 f6 23. Bh5 b5 24. Red1 Be5 25. Be2 Rfd8 26. Rxd8+ Rxd8 27.
b4 Qe7 28. a3 Rd2 29. Qb1 Rxe2 30. Ne1 Rb2 31. Qa1 c2 32. Nxc2 Rxc2 33. Qb1 Rb2
34. Qa1 Ra2 35. Qb1 Ra1 36. Qc2 Rxc1+ 37. Qxc1 Qc7 38. Qh6 f4 39. Qh5 Qc1+ 40.
Kg2 f3+ 0-1

[Event "Guernsey International Chess Festival 2"]
[Site "?"]
[Date "2019.10.20"]
[Round "1.28"]
[White "Goman, Colin"]
[Black "Bennett, Delroy"]
[Result "1/2-1/2"]
[WhiteElo "1671"]
[BlackElo "1326"]
[PlyCount "88"]
[EventDate "2019.??.??"]

1. d4 d5 2. Nf3 Bg4 3. e3 a6 4. Be2 Nf6 5. O-O e6 6. Nbd2 Bb4 7. c3 Bd6 8. Ne1
Bxe2 9. Qxe2 O-O 10. e4 dxe4 11. Nxe4 Nxe4 12. Qxe4 c6 13. Nf3 Be7 14. Bf4 Qd5
15. Qxd5 cxd5 16. Rae1 Nd7 17. Re2 h6 18. Rfe1 Nf6 19. h3 Rac8 20. Ne5 Nh5 21.
Bh2 Nf6 22. f3 Bd6 23. g4 Nh7 24. f4 Bxe5 25. dxe5 b5 26. Kg2 a5 27. Bg1 a4 28.
Bd4 Rc4 29. b3 axb3 30. axb3 Rc6 31. Ra1 Rb8 32. b4 Rcc8 33. Rea2 Nf8 34. Ra7
Ng6 35. Kg3 Re8 36. Bc5 Nf8 37. R1a6 Red8 38. Bb6 Rd7 39. Rxd7 Nxd7 40. Bd4 Kf8
41. Ra7 Ke8 42. Ra5 f6 43. exf6 Nxf6 44. Bxf6 gxf6 1/2-1/2

[Event "Guernsey International Chess Festival 2"]
[Site "?"]
[Date "2019.10.20"]
[Round "1.29"]
[White "Nalichowski, Bogdan"]
[Black "Goris Schouwstra, Adry"]
[Result "1-0"]
[WhiteElo "1375"]
[BlackElo "1662"]
[PlyCount "87"]
[EventDate "2019.??.??"]

1. e4 e6 2. d4 d5 3. Nc3 Nf6 4. e5 Nfd7 5. Bf4 c5 6. Nf3 a6 7. Ne2 Nc6 8. c3 h6
9. b3 cxd4 10. cxd4 g5 11. Bd2 g4 12. Nfg1 Qb6 13. Bc3 Be7 14. h3 gxh3 15. Nxh3
Bb4 16. Qd2 f6 17. f4 Bxc3 18. Qxc3 Qb4 19. O-O-O Qe7 20. Ng3 f5 21. Be2 Nf8
22. Nh5 Bd7 23. Nf6+ Kd8 24. Kb2 Nb4 25. a3 Rc8 26. Qxb4 Qxb4 27. axb4 Ke7 28.
Ng5 Ng6 29. Nh3 Nf8 30. Rc1 Bc6 31. b5 axb5 32. Bxb5 Nd7 33. Bxc6 Nxf6 34.
exf6+ Kxf6 35. Bxb7 Rb8 36. Rc7 Rhg8 37. Ba6 Rxg2+ 38. Rc2 Rg3 39. Rc3 Rg2+ 40.
Ka3 Rd2 41. Rd3 Rc2 42. b4 Ra8 43. Kb3 Rc6 44. Bb7 1-0

[Event "Guernsey International Chess Festival 2"]
[Site "?"]
[Date "2019.10.20"]
[Round "1.30"]
[White "Vonhoff, Joerg"]
[Black "Le Maitre, Richard"]
[Result "1-0"]
[WhiteElo "1654"]
[BlackElo "1351"]
[PlyCount "81"]
[EventDate "2019.??.??"]

1. e4 d5 2. exd5 Qxd5 3. Nf3 Qd8 4. h3 Nf6 5. Bc4 e6 6. d3 Nc6 7. c3 Be7 8. O-O
O-O 9. b4 a6 10. Bb2 b5 11. Bb3 Bb7 12. a3 Re8 13. Qe2 Nd5 14. Rd1 Nf4 15. Qe3
Nd5 16. Qc1 Nf6 17. Qc2 Na7 18. Nbd2 c5 19. Rac1 Qc7 20. bxc5 Bxc5 21. d4 Bb6
22. Ne5 Rac8 23. Ndf3 Be4 24. Qe2 Qb7 25. Ng5 Bd5 26. Bc2 Rf8 27. Ng4 Nxg4 28.
Qxg4 g6 29. Be4 Bxe4 30. Qxe4 Qxe4 31. Nxe4 Rcd8 32. c4 f5 33. Ng5 Nc6 34. Nxe6
Nxd4 35. Bxd4 Bxd4 36. Nxd8 Rxd8 37. cxb5 axb5 38. Kf1 Kf7 39. Rb1 Bb6 40. Rxd8
Bxd8 41. Rxb5 1-0

[Event "Guernsey International Chess Festival 2"]
[Site "?"]
[Date "2019.10.20"]
[Round "1.31"]
[White "McGill, Brendan"]
[Black "Finch, Russell"]
[Result "0-1"]
[WhiteElo "1195"]
[BlackElo "1638"]
[PlyCount "68"]
[EventDate "2019.??.??"]

1. d4 e6 2. e4 d5 3. e5 c5 4. c4 cxd4 5. Qxd4 Nc6 6. Qe3 Nge7 7. Nf3 Nf5 8. Qb3
Bb4+ 9. Bd2 Bxd2+ 10. Nbxd2 Na5 11. Qb4 b6 12. cxd5 Qxd5 13. Ne4 Nc6 14. Bb5
Bd7 15. Bxc6 Bxc6 16. Nc3 Qa5 17. Qg4 Bxf3 18. Qxf3 Qxe5+ 19. Ne4 Nd6 20. O-O
Qxe4 21. Qa3 Nb5 22. Qg3 O-O 23. Rae1 Qd5 24. Re5 Qc6 25. Rg5 g6 26. Qh4 Nd6
27. Qf4 f6 28. Rg4 Rac8 29. Qh6 Nf5 30. Rxg6+ hxg6 31. Qxg6+ Ng7 32. h4 Qc2 33.
Qg4 Qf5 34. Qg3 Rfd8 0-1

[Event "Guernsey International Chess Festival 2"]
[Site "?"]
[Date "2019.10.21"]
[Round "2.10"]
[White "Haisma, Henk"]
[Black "Coenen, Albert"]
[Result "1/2-1/2"]
[WhiteElo "1725"]
[BlackElo "1899"]
[PlyCount "87"]
[EventDate "2019.??.??"]

1. b4 d5 2. Bb2 Bf5 3. e3 e6 4. Nf3 h6 5. c4 Nf6 6. a3 dxc4 7. Bxc4 Bd6 8. O-O
O-O 9. d4 Nbd7 10. Nbd2 Nb6 11. Bb3 Ne4 12. Nc4 Nxc4 13. Bxc4 Bg4 14. Be2 c6
15. Qc2 Bf5 16. Bd3 Ng5 17. Bxf5 Nxf3+ 18. gxf3 Qg5+ 19. Bg4 h5 20. Qe2 Qh4 21.
f4 hxg4 22. Kh1 f5 23. Rg1 Kf7 24. f3 gxf3 25. Qxf3 Rh8 26. Qg2 Rag8 27. Qg6+
Ke7 28. Qg3 Qxg3 29. Rxg3 g5 30. Rag1 g4 31. d5 Rh7 32. dxc6 bxc6 33. Rc1 Kd7
34. Bf6 Rh3 35. Rxh3 gxh3 36. Rg1 Rxg1+ 37. Kxg1 c5 38. bxc5 Bxc5 39. Bd4 Bxa3
40. Bxa7 Be7 41. Kf2 Bh4+ 42. Kf3 Kc6 43. e4 Kd6 44. exf5 1/2-1/2

[Event "Guernsey International Chess Festival 2"]
[Site "?"]
[Date "2019.10.21"]
[Round "2.11"]
[White "Strade, Arita"]
[Black "Turner, David J"]
[Result "1-0"]
[WhiteElo "1882"]
[BlackElo "1746"]
[PlyCount "131"]
[EventDate "2019.??.??"]

1. e4 d6 2. d4 Nf6 3. Bd3 g6 4. Nf3 Bg7 5. O-O O-O 6. c3 Nfd7 7. Na3 c5 8. Nc2
Nc6 9. Qe2 Qc7 10. Bd2 Rb8 11. Rab1 a6 12. a4 Re8 13. b4 e5 14. dxc5 dxc5 15.
b5 axb5 16. axb5 Nd8 17. Ne3 b6 18. Nd5 Qd6 19. Bc4 Nf6 20. Qd3 Nxd5 21. Bxd5
Be6 22. Rfe1 h6 23. Bc1 Re7 24. Rd1 Rd7 25. Bb2 Kf8 26. Qc2 Qe7 27. Qe2 Bg4 28.
Ra1 Ne6 29. Qe3 Rbd8 30. h3 Bxf3 31. Qxf3 Nf4 32. c4 g5 33. Ra6 Rd6 34. Kh2 Rf6
35. Qe3 Rg6 36. g3 Nxd5 37. Rxd5 Rgd6 38. Qd2 Rxd5 39. exd5 Rd6 40. Qe3 f5 41.
Ra8+ Kf7 42. Qf3 Kg6 43. Ra6 e4 44. Qe2 Bxb2 45. Qxb2 Qf6 46. Qa2 Qd4 47. Ra8
f4 48. Rc8 Rf6 49. Rc6 f3 50. Qc2 Kf5 51. g4+ Kg6 52. h4 gxh4 53. Kh3 Qe5 54.
Qc1 Qg5 55. Qc3 Rxc6 56. bxc6 h5 57. gxh5+ Qxh5 58. Qe1 Qf5+ 59. Kh2 Qf4+ 60.
Kh1 Kf5 61. Qg1 h3 62. Qg7 Qc1+ 63. Kh2 Qf1 64. Qg3 Qxc4 65. c7 Qa6 66. c8=Q+
1-0

[Event "Guernsey International Chess Festival 2"]
[Site "?"]
[Date "2019.10.21"]
[Round "2.12"]
[White "Nielsen, Jorgen Holmstrom"]
[Black "Van Hoek, Wim"]
[Result "1-0"]
[WhiteElo "1715"]
[BlackElo "1863"]
[PlyCount "117"]
[EventDate "2019.??.??"]

1. Nc3 Nf6 2. f4 d5 3. d4 g6 4. Nf3 Bg7 5. e3 O-O 6. Bd3 b6 7. Ne2 c5 8. c3 Nc6
9. O-O Bd7 10. Ng3 h5 11. f5 h4 12. Nxh4 g5 13. Nf3 Bh6 14. e4 dxe4 15. Nxe4
Nxe4 16. Bxe4 f6 17. dxc5 bxc5 18. Be3 Qc7 19. Qd5+ Kg7 20. Qxc5 Rac8 21. Bxc6
Bxc6 22. Qxa7 Qxa7 23. Bxa7 Bd5 24. Rfe1 Kf7 25. a3 e5 26. fxe6+ Bxe6 27. Nd4
Bd7 28. Re4 f5 29. Rf1 Kg6 30. Re7 Rc7 31. Bb6 Rb7 32. Bc5 Rf6 33. Nf3 Bc8 34.
Ne5+ Kh5 35. g4+ Kh4 36. Rxb7 Bxb7 37. Rxf5 Re6 38. Bd4 Be4 39. Rf1 Bg7 40. Nd7
Bxd4+ 41. cxd4 Rd6 42. Nf6 Rxd4 43. Nxe4 Rxe4 44. b4 Rxg4+ 45. Kh1 Rc4 46. Rb1
Rc3 47. a4 Ra3 48. a5 g4 49. Rb2 Kh3 50. Rb1 Ra2 51. Rb3+ Kh4 52. b5 Rxa5 53.
b6 Ra8 54. b7 Rb8 55. Kg2 Kg5 56. Kg3 Kf5 57. Rb5+ Kg6 58. Kxg4 Kh6 59. Kf5 {
... Remaining moves unreadable, but 1-0, 75.} 1-0

[Event "Guernsey International Chess Festival 2"]
[Site "?"]
[Date "2019.10.21"]
[Round "2.13"]
[White "Nevska, Gerda"]
[Black "Remie, Peter"]
[Result "0-1"]
[WhiteElo "1858"]
[BlackElo "1688"]
[PlyCount "88"]
[EventDate "2019.??.??"]

1. Nf3 d5 2. g3 c6 3. Bg2 Nf6 4. O-O h6 5. c3 Bf5 6. h3 e6 7. d3 Bd6 8. a4 a5
9. d4 Nbd7 10. Nbd2 Qc7 11. Nh4 Bh7 12. Qe1 g5 13. Nhf3 Ne4 14. Nxe4 Bxe4 15.
Nd2 Bxg2 16. Kxg2 f5 17. e3 Nf6 18. Qe2 h5 19. c4 b6 20. b3 h4 21. Qe1 hxg3 22.
fxg3 Nh5 23. g4 fxg4 24. hxg4 Ng3 25. c5 bxc5 26. dxc5 Be5 27. Ra2 Nxf1 28.
Nxf1 Qh7 29. Kf3 Qe4+ 30. Ke2 Qxg4+ 31. Kd3 Qe4+ 32. Ke2 Qg2+ 33. Qf2 Qxf2+ 34.
Kxf2 Bc3 35. Kg3 Rb8 36. Bb2 Bxb2 37. Rxb2 Rh4 38. Nd2 Rxa4 39. e4 Rab4 40. e5
a4 41. Nf3 Rxb3 42. Ra2 R8b4 43. Rf2 Rf4 44. Kg2 Rbxf3 0-1

[Event "Guernsey International Chess Festival 2"]
[Site "?"]
[Date "2019.10.21"]
[Round "2.14"]
[White "Hall, Alan"]
[Black "Hermes, Geoff R"]
[Result "1-0"]
[WhiteElo "1684"]
[BlackElo "1833"]
[PlyCount "52"]
[EventDate "2019.??.??"]

1. d4 d6 2. e4 Nf6 3. Nc3 c6 4. Nf3 Bg4 5. Be2 e6 6. O-O Be7 7. a4 a5 8. Be3
O-O 9. Nd2 Bxe2 10. Nxe2 d5 11. e5 Nfd7 12. Nf4 c5 13. c3 Nc6 14. Qg4 Kh8 15.
Nf3 cxd4 16. cxd4 Nb6 17. h4 Nc4 18. b3 Nxe3 19. fxe3 Nb4 20. Rae1 Rc8 21. Ng5
Bxg5 22. hxg5 Rc3 23. Rf3 Kg8 24. Rh3 Re8 25. Rf1 Rc7 26. Qh5 Kf8 1-0

[Event "Guernsey International Chess Festival 2"]
[Site "?"]
[Date "2019.10.21"]
[Round "2.15"]
[White "Ingham, H William"]
[Black "Kirk, Matthew"]
[Result "1/2-1/2"]
[WhiteElo "1807"]
[BlackElo "1722"]
[PlyCount "108"]
[EventDate "2019.??.??"]

1. d4 d5 2. e3 Nf6 3. Nf3 c6 4. c4 Bf5 5. cxd5 cxd5 6. Nc3 e6 7. Ne5 Nbd7 8. g4
Bg6 9. h4 h6 10. Nxg6 fxg6 11. Bd3 Kf7 12. Qf3 Bb4 13. g5 hxg5 14. hxg5 Rxh1+
15. Qxh1 Ne8 16. Qf3+ Kg8 17. Bxg6 Nd6 18. Qh3 Nf8 19. Qh5 Rc8 20. Bd2 Qa5 21.
Ke2 Nxg6 22. Qxg6 Qa6+ 23. Qd3 Qxd3+ 24. Kxd3 Bxc3 25. Bxc3 Ne4 26. f4 g6 27.
Rc1 Kf7 28. Bd2 Rxc1 29. Bxc1 Ke7 30. a4 a5 31. b3 Kd6 32. Bd2 b6 33. b4 axb4
34. Bxb4+ Kc6 35. Be1 Nd6 36. Bb4 Ne4 37. Kc2 Nf2 38. Be1 Ne4 39. Kb3 Nd6 40.
Kc3 Ne4+ 41. Kd3 Nd6 42. Ke2 Ne4 43. Bb4 Ng3+ 44. Kf2 Nf5 45. Bf8 Kb7 46. Kf3
Nh4+ 47. Ke2 Nf5 48. Bb4 Kc6 49. Kf2 Kd7 50. Be1 Nd6 51. Kf3 Kc6 52. Bb4 Nf5
53. Ke2 Ng3+ 54. Kd3 Ne4 1/2-1/2

[Event "Guernsey International Chess Festival 2"]
[Site "?"]
[Date "2019.10.21"]
[Round "2.16"]
[White "Finch, Russell"]
[Black "Hamann, Marcus"]
[Result "1/2-1/2"]
[WhiteElo "1638"]
[BlackElo "1802"]
[PlyCount "45"]
[EventDate "2019.??.??"]

1. Nf3 Nf6 2. g3 g6 3. Bg2 Bg7 4. O-O O-O 5. c4 c5 6. Nc3 Nc6 7. d3 d6 8. a3
Rb8 9. Rb1 b6 10. Bd2 Bb7 11. b4 Qd7 12. b5 Nd4 13. e3 Nxf3+ 14. Bxf3 Bxf3 15.
Qxf3 Qb7 16. Qxb7 Rxb7 17. e4 Nd7 18. f4 e6 19. Rfe1 Bxc3 20. Bxc3 e5 21. Rb2
f6 22. a4 Kg7 23. Kg2 1/2-1/2